Statistics for Norsk-Engelsk - Oversettelse - Enkle Verb

Click here to take the quiz!

General Stats

  • This quiz has been taken 36 times
  • The average score is 52 of 63

Answer Stats

HintAnswer% Correct
KanCan
100%
KommeCome
100%
Jeg erI am
100%
Du erYou are
100%
DrikkeDrink
95%
HaHave
95%
Det erIt is
95%
TaTake
95%
KunneCould
91%
GjøreDo
91%
SpiseEat
91%
HateHate
91%
HøreHear
91%
HjelpeHelp
91%
ElskeLove
91%
LeseRead
91%
SeSee / Look
91%
ForståUnderstand
91%
Våkne oppWake up
91%
Gå / DraWalk / Go
91%
JobbeWork
91%
Die
86%
KjøreDrive
86%
Få/skaffe/bliGet
86%
LeveLive
86%
SiSay
86%
StåStand
86%
SnakkeTalk / Speak
86%
Vil (Ha lyst til)Want
86%
SkriveWrite
86%
FøleFeel
82%
FinneFind
82%
HoppeJump
82%
MøteMeet
82%
Must / Have to
82%
TrengeNeed
82%
BetalePay
82%
PrøveTry
82%
Lage matCook
77%
VokseGrow
77%
Bør/burdeShould
77%
BrukeUse
77%
Endre/forandreChange
73%
TelleCount
73%
Dra/forlateLeave
73%
LaLet
73%
LyveLie
73%
LøpeRun
73%
ReddeSave
73%
ReiseTravel
73%
KlatreClimb
68%
Kle på segDress
68%
TilgiForgive
68%
SkjeHappen
68%
SkadeHurt / Injure
68%
Bli igjenStay
68%
FortelleTell
68%
Stole påTrust
68%
SkalWill
68%
BliBecome
64%
BeholdeKeep
64%
BehandleTreat
64%
VilleWould
64%

Score Distribution

Percentile by Number Answered

Percent of People with Each Score

Your Score History

You have not taken this quiz